000
00298nam a22001457a 4500
008
230317b ||||| |||| 00| 0 eng d
020
_a
9781337116695
041
_a
eng
080
_a
33
082
_a
33WIL
100
_a
24
101
_a
BIZNES
245
_a
BUSN10
_c
WILLIAMS
942
_2
udc
_c
BK
999
_c
59384
_d
59384